[Event "Werther Schloss op 28th"]
[Site "Werther"]
[Date "2025.04.13"]
[Round "6"]
[White "Engel, Bruno"]
[Black "Schaller, Fabian"]
[Result "1/2-1/2"]
[WhiteElo "2215"]
[BlackElo "2083"]
[PlyCount "276"]
[EventDate "2025.04.10"]
[EventType "swiss"]
[EventRounds "7"]
[EventCountry "GER"]
[SourceTitle "CB16_2025"]
[SourceDate "2025.04.16"]
[SourceVersion "1"]
[SourceVersionDate "2025.04.16"]
[SourceQuality "1"]

1. d4 Nf6 2. Bg5 Nc6 3. Bxf6 exf6 4. c4 g6 5. Nc3 Bg7 6. e3 0-0 7. g3 f5 8. Nge2 d6 9. Nf4 Re8 10. Be2 Bd7 11. h4 Ne7 12. Nfd5 Nxd5 13. cxd5 c5 14. dxc6 bxc6 15. 0-0 c5 16. dxc5 Bxc3 17. bxc3 dxc5 18. Qd6 Qe7 19. Rfd1 Be6 20. Qxe7 Rxe7 21. a4 Rb8 22. Bb5 c4 23. Rd6 Rc7 24. Rad1 Kf8 25. Kg2 Ke7 26. Kf3 h6 27. Kf4 Kf6 28. Kf3 Ke7 29. Kf4 Kf6 30. Rd8 Rb6 31. R1d6 g5+ 32. Kf3 Rxd6 33. Rxd6 Ke5 34. Rd8 Bd5+ 35. Ke2 f4 36. exf4+ gxf4 37. gxf4+ Ke6 38. Ke3 Bg2 39. f3 Bf1 40. Re8+ Kd6 41. Kd4 f6 42. f5 Re7 43. Rxe7 Kxe7 44. Bxc4 Bg2 45. Bd5 Bf1 46. Kc5 Kd7 47. c4 Kc7 48. a5 Be2 49. Be4 Bd1 50. Kd5 Kd7 51. Kd4 Ba4 52. c5 Bb3 53. Kc3 Bd1 54. Bd5 Kc7 55. Kd4 Bc2 56. Be4 Bb3 57. Kc3 Bd1 58. Bd5 Be2 59. Kd4 Bd1 60. Ke3 Ba4 61. Kf4 Be8 62. Kg4 Kd7 63. Bg8 Ke7 64. Bh7 Kf8 65. Bg6 Bc6 66. Bh5 Ke7 67. Bg6 Kf8 68. Kf4 Ke7 69. Ke3 Kd7 70. Bf7 Ke7 71. Be6 Kd8 72. Kf4 Ke7 73. Kg4 Kf8 74. Bc8 Be8 75. Be6 Bc6 76. Bc4 Kg7 77. Bd3 Kf8 78. Bc2 Be8 79. Bb3 Bc6 80. Bd1 Be8 81. Be2 Bc6 82. f4 Be8 83. Kg3 Ke7 84. Kf3 Bf7 85. Ke3 Kd7 86. Kd4 Kc7 87. Bc4 Bh5 88. Bb3 Bf3 89. Bf7 Bc6 90. Bh5 Bg2 91. Be8 Bf3 92. Ke3 Bd1 93. Kd4 Bf3 94. Kc4 Bg2 95. Bh5 Bc6 96. Bd1 Bg2 97. Ba4 Bf3 98. Be8 Bg2 99. Kb5 Bf1+ 100. Kb4 Be2 101. Bf7 Kc6 102. Bc4 Bh5 103. Bb5+ Kc7 104. Kc4 Bf3 105. Kd4 Bh5 106. Bd3 Kc6 107. Be4+ Kc7 108. Bg2 Bf7 109. Bf3 Kd7 110. Bg2 Kc7 111. Bd5 Bh5 112. Bg8 Kc6 113. Bh7 Bd1 114. Bg6 Kc7 115. Be8 Bb3 116. Ke4 Bc2+ 117. Ke3 Bd1 118. Kf2 Bg4 119. Ba4 Bh5 120. Ke3 Kb7 121. Ke4 Kc7 122. Bb5 Bf7 123. Kd4 Bh5 124. Bc4 Kc6 125. Bg8 Bd1 126. Bf7 Bf3 127. Bb3 Bh5 128. Bd5+ Kc7 129. c6 Kd6 130. c7 Kxc7 131. Kc5 Be2 132. Be4 Bd1 133. Bd5 Be2 134. Bb3 Bf3 135. Bc4 Bc6 136. Bd5 Bxd5 137. Kxd5 Kd7 138. Kc5 Kc7 1/2-1/2

[Event "Dortmund Sparkassen op-A 51st"]
[Site "Dortmund"]
[Date "2024.08.18"]
[Round "9"]
[White "Gluma, Christian"]
[Black "Schaller, Fabian"]
[Result "1-0"]
[WhiteElo "2091"]
[BlackElo "2086"]
[PlyCount "106"]
[EventDate "2024.08.10"]
[EventType "swiss"]
[EventRounds "9"]
[EventCountry "GER"]
[SourceTitle "CBM 221 Extra"]
[Source "ChessBase"]
[SourceDate "2024.09.30"]
[SourceVersion "1"]
[SourceVersionDate "2024.09.30"]
[SourceQuality "1"]

1. e4 c5 2. Nc3 Nc6 3. Bb5 g5 4. Bxc6 dxc6 5. d3 e5 6. Nf3 f6 7. Be3 Be6 8. Nd2 b6 9. Qe2 Ne7 10. h4 g4 11. h5 Ng8 12. h6 Ne7 13. f4 gxf3 14. Qxf3 Ng6 15. Ne2 Be7 16. Ng3 Qc7 17. Nh5 0-0-0 18. Ng7 Bd7 19. a4 a5 20. Nc4 Kb7 21. Ra3 Ka8 22. Bd2 Rb8 23. Ra1 Nf8 24. Nf5 Be6 25. Nce3 Bd8 26. Ke2 Ng6 27. g3 Rf8 28. Ng7 Bg8 29. c3 Be7 30. Ngf5 Be6 31. Rhb1 Rf7 32. b4 cxb4 33. cxb4 Bxb4 34. Bxb4 axb4 35. Rxb4 Bxf5 36. Qxf5 Ne7 37. Qe6 Nc8 38. Rc1 Qd7 39. Rxc6 Qxe6 40. Rxe6 Ka7 41. Nd5 f5 42. Rxe5 fxe4 43. Rbxe4 Rbb7 44. Nc3 Nd6 45. Nb5+ Nxb5 46. axb5 Rbc7 47. Rc4 Kb7 48. Ke3 Rcd7 49. Rf4 Kc7 50. Re6 Rxf4 51. gxf4 Rd5 52. Re5 Rd7 53. Ke4 Rf7 1-0

[Event "Dortmund Sparkassen op-A 51st"]
[Site "Dortmund"]
[Date "2024.08.15"]
[Round "6"]
[White "Schaller, Fabian"]
[Black "Spriestersbach, Kai"]
[Result "1-0"]
[WhiteElo "2086"]
[BlackElo "2164"]
[PlyCount "83"]
[EventDate "2024.08.10"]
[EventType "swiss"]
[EventRounds "9"]
[EventCountry "GER"]
[SourceTitle "CBM 221 Extra"]
[Source "ChessBase"]
[SourceDate "2024.09.30"]
[SourceVersion "1"]
[SourceVersionDate "2024.09.30"]
[SourceQuality "1"]

1. d4 Nf6 2. Nc3 d5 3. Bf4 g6 4. e3 Bg7 5. h4 h5 6. Be2 0-0 7. Qd2 c5 8. 0-0-0 cxd4 9. exd4 Nc6 10. f3 Bf5 11. g4 hxg4 12. Bd3 Bxd3 13. Qxd3 Nh5 14. Bg5 g3 15. Nge2 Qa5 16. Rhg1 a6 17. Kb1 Rac8 18. Nxg3 Nxg3 19. Rxg3 Nxd4 20. Bd2 Nxc2 21. Qxc2 Qc7 22. Rdg1 d4 23. Bh6 Qe5 24. f4 Qh5 25. Bxg7 Kxg7 26. Qe2 Qf5+ 27. Qe4 Rc5 28. Qxf5 Rxf5 29. Ne2 Rh8 30. Rh1 Kf6 31. Rd3 Rfh5 32. Rxd4 Rxh4 33. Rxh4 Rxh4 34. Kc2 Rh5 35. Kd3 Rb5 36. b3 e5 37. fxe5+ Kxe5 38. Nc3 Rb6 39. Rc4 Kf5 40. Rc7 f6 41. Nd5 Rb5 42. Kc4 1-0

[Event "Dortmund Sparkassen op-A 51st"]
[Site "Dortmund"]
[Date "2024.08.11"]
[Round "2"]
[White "Bagrationi, Alexander"]
[Black "Schaller, Fabian"]
[Result "1-0"]
[WhiteElo "2411"]
[BlackElo "2086"]
[PlyCount "120"]
[EventDate "2024.08.10"]
[EventType "swiss"]
[EventRounds "9"]
[EventCountry "GER"]
[SourceTitle "CBM 221 Extra"]
[Source "ChessBase"]
[SourceDate "2024.09.30"]
[SourceVersion "1"]
[SourceVersionDate "2024.09.30"]
[SourceQuality "1"]

1. d4 Nf6 2. c4 e6 3. Nf3 c5 4. d5 exd5 5. cxd5 d6 6. Nc3 g6 7. Bf4 a6 8. a4 Bg7 9. e3 0-0 10. h3 Ne8 11. Be2 Nd7 12. 0-0 Ne5 13. Nd2 f5 14. Bh2 b6 15. Qc2 Nc7 16. f4 Nf7 17. e4 Rb8 18. Nc4 b5 19. Na5 Bd7 20. Nc6 Bxc6 21. dxc6 Ne6 22. exf5 Nd4 23. Qd1 gxf5 24. Bf3 b4 25. Ne2 Nxf3+ 26. Rxf3 Qf6 27. Qd3 Rfe8 28. Re1 Rbc8 29. Qxa6 d5 30. Re3 Red8 31. Ng3 Qxc6 32. Qxc6 Rxc6 33. Re8+ Rxe8 34. Rxe8+ Bf8 35. Nxf5 Nd6 36. Nh6+ Kg7 37. Re6 Rc8 38. Kf1 Nf7 39. Nf5+ Kg8 40. Ke2 Rd8 41. Bg1 Nd6 42. Nxd6 Bxd6 43. f5 Kf7 44. a5 Be7 45. Rxe7+ Kxe7 46. Bxc5+ Kf6 47. g4 Ra8 48. Bxb4 Ke5 49. Kd3 d4 50. Be1 h5 51. g5 Kxf5 52. Kxd4 Kxg5 53. b4 Re8 54. Bg3 h4 55. Bd6 Re6 56. Kd5 Re3 57. b5 Rxh3 58. a6 Rd3+ 59. Kc6 h3 60. a7 Ra3 1-0

[Event "Dortmund Sparkassen op-A 51st"]
[Site "Dortmund"]
[Date "2024.08.10"]
[Round "1"]
[White "Schaller, Fabian"]
[Black "Sokolovsky, Yahli"]
[Result "1/2-1/2"]
[WhiteElo "2086"]
[BlackElo "2522"]
[PlyCount "124"]
[EventDate "2024.08.10"]
[EventType "swiss"]
[EventRounds "9"]
[EventCountry "GER"]
[SourceTitle "CBM 221 Extra"]
[Source "ChessBase"]
[SourceDate "2024.09.30"]
[SourceVersion "1"]
[SourceVersionDate "2024.09.30"]
[SourceQuality "1"]

1. d4 Nf6 2. Nc3 d5 3. Bf4 e6 4. e3 Bd6 5. Qf3 0-0 6. g4 Bxf4 7. Qxf4 Qd6 8. Qxd6 cxd6 9. g5 Ne8 10. 0-0-0 Bd7 11. Nh3 Nc7 12. Nf4 Bc6 13. Bg2 Nd7 14. h4 Nb6 15. Nd3 Rfe8 16. f4 Nc8 17. Rhe1 Ne7 18. Bh3 a5 19. Kb1 b5 20. Ne2 Nf5 21. Bxf5 exf5 22. Ng3 Bd7 23. b4 Ra7 24. Kc1 Na8 25. Kd2 Nb6 26. Ke2 Rc8 27. Rc1 Na4 28. Kf3 Nc3 29. a3 Ne4 30. bxa5 Rxa5 31. Nb4 Be6 32. Nxe4 dxe4+ 33. Ke2 Bc4+ 34. Kd2 Rxa3 35. Ra1 Rca8 36. Rxa3 Rxa3 37. c3 Kf8 38. Nc2 Ra4 39. Ra1 Rxa1 40. Nxa1 Ke7 41. Nc2 f6 42. gxf6+ Kxf6 43. Ke1 Bb3 44. Nb4 h6 45. Kf2 g5 46. hxg5+ hxg5 47. fxg5+ Kxg5 48. Kg3 f4+ 49. exf4+ Kf5 50. d5 Bd1 51. Nc6 e3 52. Nd4+ Ke4 53. Nxb5 Kxd5 54. Kg2 Kc5 55. Nd4 Kc4 56. Nf5 Kd3 57. Nxd6 Bb3 58. Kf1 Kd2 59. Ne4+ Kd1 60. Nf2+ Kd2 61. Ne4+ Kd1 62. Nf2+ Kd2 1/2-1/2

[Event "Werther Schloss op 26th"]
[Site "Werther"]
[Date "2023.04.02"]
[Round "7"]
[White "Schaller, Fabian"]
[Black "Freiberger, Jonas"]
[Result "1/2-1/2"]
[WhiteElo "2060"]
[BlackElo "2236"]
[PlyCount "135"]
[EventDate "2023.03.30"]
[EventType "swiss"]
[EventRounds "7"]
[EventCountry "GER"]
[SourceTitle "CBM 213 Extra"]
[Source "ChessBase"]
[SourceDate "2023.05.31"]
[SourceVersion "1"]
[SourceVersionDate "2023.05.31"]
[SourceQuality "1"]

1. Nf3 Nf6 2. b3 b5 3. Bb2 Bb7 4. d3 e6 5. g3 Be7 6. Bg2 c5 7. Nbd2 0-0 8. 0-0 d6 9. e4 Nbd7 10. Qe2 Qc7 11. e5 dxe5 12. Nxe5 Bxg2 13. Kxg2 Nxe5 14. Bxe5 Qc6+ 15. Qf3 Qxf3+ 16. Kxf3 Nd7 17. Bb2 Nb6 18. a4 bxa4 19. bxa4 Rac8 20. a5 Nd5 21. Nc4 Nb4 22. Rfc1 Rfd8 23. Bc3 Nd5 24. Bd2 h5 25. Rab1 Rb8 26. Bf4 Rxb1 27. Rxb1 Nb4 28. Rc1 g5 29. Bd2 Nc6 30. Bc3 Rb8 31. h3 f5 32. h4 g4+ 33. Ke2 Kf7 34. Kd2 Bf8 35. Ne5+ Nxe5 36. Bxe5 Rb5 37. Kc3 c4 38. d4 Rxa5 39. Kxc4 Ra2 40. Kd3 a5 41. c4 Ra3+ 42. Ke2 Bb4 43. d5 Ra2+ 44. Kd3 Rd2+ 45. Ke3 exd5 46. c5 Ke6 47. Bd4 Ra2 48. Kd3 Ra3+ 49. Ke2 Kd7 50. c6+ Kc8 51. Rc2 Bd6 52. Bc5 Bxc5 53. Rxc5 Ra2+ 54. Ke3 d4+ 55. Kxd4 Rxf2 56. Ke5 f4 57. gxf4 g3 58. Ke4 g2 59. Rg5 Kc7 60. Kd5 a4 61. Rg7+ Kb6 62. Rb7+ Ka6 63. Rb1 Rxf4 64. c7 Rf8 65. Kc6 a3 66. Ra1 Rf6+ 67. Kd7 Rf7+ 68. Kc6 1/2-1/2

[Event "Ruhrgebiet Regionalliga 1819"]
[Site "Nordrheinwestfalen"]
[Date "2019.06.02"]
[Round "11.5"]
[White "Schaller, Fabian"]
[Black "Dekhtyaryuk, Dimitri"]
[Result "1-0"]
[WhiteElo "1989"]
[BlackElo "1849"]
[PlyCount "127"]
[EventDate "2018.09.02"]
[EventType "team-tourn"]
[EventRounds "11"]
[EventCountry "GER"]
[SourceTitle "EXT 2022"]
[Source "ChessBase"]
[SourceDate "2021.10.06"]
[SourceVersion "1"]
[SourceVersionDate "2021.10.06"]
[SourceQuality "1"]
[WhiteTeam "Welper SV"]
[BlackTeam "Eichlinghofen SV"]
[WhiteTeamCountry "GER"]
[BlackTeamCountry "GER"]

1. Nf3 Nf6 2. b3 g6 3. Bb2 Bg7 4. g3 c5 5. Bg2 Nc6 6. 0-0 b6 7. d4 d5 8. c4 Bb7 9. dxc5 dxc4 10. Qxd8+ Rxd8 11. cxb6 cxb3 12. bxa7 Nxa7 13. axb3 Nb5 14. Ra5 Nd6 15. Ba1 0-0 16. Nc3 Rb8 17. Rb1 Bc8 18. Nd4 Bf5 19. Nxf5 Nxf5 20. e3 Rfd8 21. b4 Nd6 22. b5 Nc4 23. Ra7 Nd2 24. Rb4 Bf8 25. b6 e6 26. Rb5 Nd7 27. b7 Nc4 28. Ne4 e5 29. Rd5 Ncb6 30. Rxe5 f5 31. Ng5 Nxe5 32. Bxe5 Bd6 33. Bd4 Nd7 34. Bd5+ Kf8 35. Ne6+ Ke7 36. Nxd8 Kxd8 37. Ra8 Kc7 38. Ba7 Rd8 39. Be6 Nb8 40. Rxb8 Rxb8 41. Bxb8+ Kxb8 42. Bg8 h6 43. Bh7 g5 44. Bxf5 Kxb7 45. Kg2 Kc6 46. Kf3 Kd5 47. Kg4 Ke5 48. e4 Kf6 49. h4 Bc5 50. f4 gxf4 51. gxf4 Kg7 52. Bc8 Be7 53. h5 Kf6 54. e5+ Kg7 55. Kf5 Kf7 56. Be6+ Kg7 57. Bc4 Bh4 58. Ke6 Bd8 59. f5 Bg5 60. f6+ Kf8 61. Kf5 Bd2 62. e6 Bb4 63. Kg6 Bd2 64. e7+ 1-0

[Event "Ruhrgebiet Regionalliga 1819"]
[Site "Nordrheinwestfalen"]
[Date "2019.04.07"]
[Round "9.4"]
[White "Gross, Thomas"]
[Black "Schaller, Fabian"]
[Result "1/2-1/2"]
[WhiteElo "1996"]
[BlackElo "1983"]
[PlyCount "65"]
[EventDate "2018.09.02"]
[EventType "team-tourn"]
[EventRounds "11"]
[EventCountry "GER"]
[SourceTitle "EXT 2022"]
[Source "ChessBase"]
[SourceDate "2021.10.06"]
[SourceVersion "1"]
[SourceVersionDate "2021.10.06"]
[SourceQuality "1"]
[WhiteTeam "Oberhausen SV II"]
[BlackTeam "Welper SV"]
[WhiteTeamCountry "GER"]
[BlackTeamCountry "GER"]

1. Nf3 c5 2. c4 g6 3. e4 Bg7 4. d4 cxd4 5. Nxd4 Nc6 6. Be3 d6 7. Be2 Nf6 8. Nc3 0-0 9. Qd2 Nxd4 10. Bxd4 Be6 11. 0-0 a6 12. Qe3 Rc8 13. Nd5 Bxd5 14. exd5 b5 15. Bxf6 Bxf6 16. cxb5 axb5 17. Bxb5 Bxb2 18. Rab1 Bf6 19. Bc6 Qa5 20. a4 Rb8 21. Rb5 Rxb5 22. axb5 Rb8 23. Rb1 Qb6 24. Qxb6 Rxb6 25. Rb4 Kg7 26. Kf1 Bc3 27. Ra4 Kf6 28. Ke2 e6 29. Kd3 Be1 30. dxe6 fxe6 31. Re4 Ba5 32. Bd7 d5 33. Ra4 1/2-1/2

[Event "Ruhrgebiet Regionalliga 1819"]
[Site "Nordrheinwestfalen"]
[Date "2018.12.16"]
[Round "5.6"]
[White "Schaller, Fabian"]
[Black "Zelt, Jens"]
[Result "1/2-1/2"]
[WhiteElo "1985"]
[BlackElo "2076"]
[PlyCount "40"]
[EventDate "2018.09.02"]
[EventType "team-tourn"]
[EventRounds "11"]
[EventCountry "GER"]
[SourceTitle "EXT 2022"]
[Source "ChessBase"]
[SourceDate "2021.10.06"]
[SourceVersion "1"]
[SourceVersionDate "2021.10.06"]
[SourceQuality "1"]
[WhiteTeam "Welper SV"]
[BlackTeam "Dortmund Hansa II"]
[WhiteTeamCountry "GER"]
[BlackTeamCountry "GER"]

1. Nf3 d6 2. d4 c6 3. b3 g6 4. Bb2 Bg7 5. g3 Nf6 6. Bg2 0-0 7. 0-0 Bf5 8. c4 Qc8 9. Nc3 Ne4 10. Nxe4 Bxe4 11. Ne1 Bxg2 12. Nxg2 d5 13. cxd5 cxd5 14. Nf4 Qd8 15. e3 Nc6 16. Qd2 Qd6 17. Nd3 Rfc8 18. a4 Rc7 19. Rfc1 Rac8 20. Kg2 b6 1/2-1/2

[Event "Werther Schloss op 24th"]
[Site "Werther"]
[Date "2018.03.23"]
[Round "3"]
[White "Koellner, Ruben Gideon"]
[Black "Schaller, Fabian"]
[Result "1-0"]
[WhiteElo "2141"]
[BlackElo "1976"]
[PlyCount "73"]
[EventDate "2018.03.22"]
[EventType "swiss"]
[EventRounds "7"]
[EventCountry "GER"]
[SourceTitle "CBM 183 Extra"]
[Source "ChessBase"]
[SourceDate "2018.04.19"]
[SourceVersion "1"]
[SourceVersionDate "2018.04.19"]
[SourceQuality "1"]

1. d4 e6 2. Nf3 Nf6 3. Nbd2 b6 4. e4 c5 5. c3 d6 6. Bd3 Nbd7 7. 0-0 Qc7 8. Re1 e5 9. dxe5 dxe5 10. Bc4 b5 11. Bxb5 Be7 12. Nc4 0-0 13. Bg5 Rd8 14. Qe2 Kf8 15. Qe3 Rb8 16. Bxd7 Nxd7 17. Bxe7+ Kxe7 18. Rad1 f6 19. Nh4 Ba6 20. Nf5+ Kf8 21. Qg3 Nb6 22. Nxb6 axb6 23. Ne3 Qf7 24. b3 Bb7 25. f3 Ra8 26. Qf2 Qe6 27. Rd2 Rxd2 28. Qxd2 g6 29. Rd1 Bc6 30. Qd6+ Kf7 31. Qc7+ Kg8 32. Rd6 Rc8 33. Rxe6 Rxc7 34. Nd5 Bxd5 35. exd5 c4 36. Rc6 cxb3 37. axb3 1-0

[Event "Ruhrgebiet Regionalliga 1718"]
[Site "Germany"]
[Date "2017.10.22"]
[Round "2.6"]
[White "Kantor, Daniel"]
[Black "Schaller, Fabian"]
[Result "1/2-1/2"]
[WhiteElo "1857"]
[BlackElo "1984"]
[PlyCount "82"]
[EventDate "2017.10.01"]
[EventType "team-tourn"]
[EventRounds "9"]
[EventCountry "GER"]
[SourceTitle "EXT 2022"]
[Source "ChessBase"]
[SourceDate "2021.10.06"]
[SourceVersion "1"]
[SourceVersionDate "2021.10.06"]
[SourceQuality "1"]
[WhiteTeam "Dortmund SV"]
[BlackTeam "Welper SV"]
[WhiteTeamCountry "GER"]
[BlackTeamCountry "GER"]

1. e4 e5 2. Nf3 Nc6 3. Bb5 a6 4. Bxc6 dxc6 5. d4 exd4 6. Qxd4 Qxd4 7. Nxd4 c5 8. Nf3 Bd7 9. Nc3 0-0-0 10. 0-0 h6 11. Ne5 Be6 12. f4 Bd6 13. Nf3 f5 14. e5 Bf8 15. Be3 b6 16. Rfd1 Rxd1+ 17. Rxd1 Ne7 18. Kf2 Nc6 19. a3 Be7 20. g3 Rd8 21. Rxd8+ Bxd8 22. h3 Kd7 23. Ke2 Be7 24. Na4 Na5 25. b3 Kc6 26. Nb2 Bd5 27. Bd2 Nb7 28. Bc3 Nd8 29. a4 Ne6 30. Nd1 g5 31. Ne3 Be4 32. fxg5 hxg5 33. Nd2 Nd4+ 34. Bxd4 cxd4 35. Nxe4 dxe3 36. Nf6 Bc5 37. Nh7 Kd5 38. Nxg5 Kxe5 39. Kd3 Kf6 40. Nf3 Bd6 41. Kxe3 Bxg3 1/2-1/2

[Event "Ruhrgebiet Regionalliga 1617"]
[Site "Germany"]
[Date "2017.05.07"]
[Round "9.6"]
[White "Schaller, Fabian"]
[Black "Albers, Damian"]
[Result "0-1"]
[WhiteElo "1907"]
[BlackElo "2084"]
[PlyCount "97"]
[EventDate "2016.09.11"]
[EventType "team-tourn"]
[EventRounds "9"]
[EventCountry "GER"]
[SourceTitle "EXT 2022"]
[Source "ChessBase"]
[SourceDate "2021.10.06"]
[SourceVersion "1"]
[SourceVersionDate "2021.10.06"]
[SourceQuality "1"]
[WhiteTeam "Welper SV"]
[BlackTeam "Brackel SF"]
[WhiteTeamCountry "GER"]
[BlackTeamCountry "GER"]

1. d4 Nf6 2. c4 e6 3. Nc3 Bb4 4. e3 c5 5. Nge2 cxd4 6. exd4 d5 7. a3 Be7 8. Nf4 0-0 9. Be3 dxc4 10. Bxc4 Qc7 11. Bb3 Rd8 12. 0-0 Nc6 13. Nfe2 a6 14. h3 b5 15. Qc2 Bb7 16. Rac1 Na5 17. Rfd1 Rac8 18. Ba2 Nc4 19. Bxc4 Qxc4 20. f3 Nd5 21. Bf2 Bg5 22. Ra1 Ne3 23. Bxe3 Bxe3+ 24. Kh1 Bxd4 25. Nxd4 Rxd4 26. Rxd4 Qxd4 27. Rd1 Qc5 28. Qd2 h6 29. Qd7 Qc7 30. Qd4 Bc6 31. Kg1 Qg3 32. Qd6 Qxd6 33. Rxd6 Kf8 34. Kf2 Ke7 35. Rd2 Rd8 36. Rxd8 Kxd8 37. Ke3 Kd7 38. b4 Kd6 39. Kd4 g5 40. Ne2 f5 41. Nc3 h5 42. Ne2 h4 43. Nc3 Bd7 44. Ke3 Ke5 45. Kd3 Bc6 46. Ke3 Bd5 47. a4 Bc4 48. axb5 axb5 49. Kd2 0-1

[Event "Ruhrgebiet Regionalliga 1617"]
[Site "Germany"]
[Date "2017.01.15"]
[Round "5.6"]
[White "Busche, Klaus"]
[Black "Schaller, Fabian"]
[Result "1-0"]
[WhiteElo "1869"]
[BlackElo "1958"]
[PlyCount "173"]
[EventDate "2016.09.11"]
[EventType "team-tourn"]
[EventRounds "9"]
[EventCountry "GER"]
[SourceTitle "EXT 2022"]
[Source "ChessBase"]
[SourceDate "2021.10.06"]
[SourceVersion "1"]
[SourceVersionDate "2021.10.06"]
[SourceQuality "1"]
[WhiteTeam "Ahlen SV"]
[BlackTeam "Welper SV"]
[WhiteTeamCountry "GER"]
[BlackTeamCountry "GER"]

1. d4 Nf6 2. Bf4 e6 3. e3 c5 4. Nf3 b6 5. Nbd2 Bb7 6. Bd3 d5 7. Bxb8 Rxb8 8. Bb5+ Ke7 9. c3 a6 10. Bd3 g6 11. 0-0 Bg7 12. Re1 Re8 13. e4 dxe4 14. Nxe4 cxd4 15. cxd4 Kf8 16. Qb3 Nxe4 17. Bxe4 Bxe4 18. Rxe4 Qd6 19. Rd1 Red8 20. Rc1 Rbc8 21. Rce1 Rc6 22. h4 Rdc8 23. Ng5 h6 24. Rxe6 fxe6 25. Nxe6+ Kg8 26. Ng5+ Rc4 27. Re8+ Qf8 28. Rxf8+ Bxf8 29. Nf3 Kh7 30. Qxb6 R4c6 31. Qb3 R8c7 32. Ne5 Rc1+ 33. Kh2 Bd6 34. g3 Bxe5 35. dxe5 Re1 36. h5 gxh5 37. Qd3+ Kg7 38. Kg2 Re7 39. Qxa6 R7xe5 40. Qa7+ Kg6 41. b4 Rb1 42. Qb6+ Kf7 43. a4 Re6 44. Qb7+ Kf6 45. a5 Ra1 46. Qf3+ Ke7 47. Qxh5 Ra4 48. Qc5+ Kd8 49. Kh3 Ra3 50. Qd5+ Ke7 51. Qa8 Ra4 52. Qa7+ Kf6 53. Qd4+ Kg6 54. Qc4 Kf6 55. Kg4 Ra3 56. Kf4 Ra4 57. Qc3+ Ke7 58. Kf5 Rd6 59. Ke5 Ra2 60. Qc7+ Rd7 61. Qc5+ Ke8 62. Qc8+ Ke7 63. Qc5+ Ke8 64. f4 Re2+ 65. Kf5 Red2 66. Qe5+ Re7 67. Qh8+ Kd7 68. Qxh6 Rd6 69. Qh1 Rf7+ 70. Ke4 Re7+ 71. Kf3 Rd3+ 72. Kg4 Rg7+ 73. Kf5 Rdxg3 74. Qd5+ Ke8 75. Qa8+ Kd7 76. b5 Rf7+ 77. Ke4 Re7+ 78. Kd4 Rg4 79. Qc6+ Kd8 80. Qa8+ Kd7 81. Qb8 Rg1 82. Kc5 Rc1+ 83. Kb6 Re6+ 84. Kb7 Re8 85. Qxe8+ Kxe8 86. b6 Kd7 87. a6 1-0

[Event "Ruhrgebiet Regionalliga 1617"]
[Site "Germany"]
[Date "2016.09.11"]
[Round "1.6"]
[White "Sicars, Thorsten"]
[Black "Schaller, Fabian"]
[Result "1/2-1/2"]
[WhiteElo "1940"]
[BlackElo "1958"]
[PlyCount "92"]
[EventDate "2016.09.11"]
[EventType "team-tourn"]
[EventRounds "9"]
[EventCountry "GER"]
[SourceTitle "EXT 2022"]
[Source "ChessBase"]
[SourceDate "2021.10.06"]
[SourceVersion "1"]
[SourceVersionDate "2021.10.06"]
[SourceQuality "1"]
[WhiteTeam "Wattenscheid SV II"]
[BlackTeam "Welper SV"]
[WhiteTeamCountry "GER"]
[BlackTeamCountry "GER"]

1. d4 e6 2. Bf4 Nf6 3. e3 b6 4. Nf3 Bb7 5. Be2 d6 6. h3 Be7 7. c4 Nbd7 8. Nc3 Ne4 9. Qc2 f5 10. Bd3 Nxc3 11. bxc3 Bf6 12. Bh2 g6 13. e4 Qe7 14. 0-0 0-0 15. Rfe1 Qf7 16. Qd2 Rae8 17. Re2 fxe4 18. Bxe4 Ba6 19. Bd3 e5 20. d5 Nc5 21. Rae1 e4 22. Bxe4 Bxc4 23. Re3 Nxe4 24. Rxe4 Rxe4 25. Rxe4 Bxd5 26. Rf4 Bxf3 27. Rxf3 Qc4 28. Bg3 Bg7 29. Rd3 Re8 30. Bf4 Re4 31. g3 Qe6 32. Re3 Rxe3 33. Bxe3 Qc4 34. Bd4 Bxd4 35. cxd4 Qe6 36. h4 Kg7 37. d5 Qe5 38. f4 Qf6 39. Kh2 a5 40. Qc2 Qe7 41. Qc3+ Kg8 42. Qc2 Qd7 43. a3 Qf7 44. Qe4 Kf8 45. Qd4 Ke7 46. Qc3 Kd8 1/2-1/2

[Event "Ruhrgebiet Regionalliga 1516"]
[Site "Germany"]
[Date "2016.01.17"]
[Round "5.6"]
[White "Kucheyda, Joerg"]
[Black "Schaller, Fabian"]
[Result "0-1"]
[WhiteElo "1941"]
[BlackElo "1893"]
[PlyCount "94"]
[EventDate "2015.09.13"]
[EventType "team-tourn"]
[EventRounds "9"]
[EventCountry "GER"]
[SourceTitle "EXT 2022"]
[Source "ChessBase"]
[SourceDate "2021.10.06"]
[SourceVersion "1"]
[SourceVersionDate "2021.10.06"]
[SourceQuality "1"]
[WhiteTeam "Gladbeck SG"]
[BlackTeam "Welper SV"]
[WhiteTeamCountry "GER"]
[BlackTeamCountry "GER"]

1. d4 e6 2. e4 d5 3. Nc3 dxe4 4. Nxe4 Nd7 5. Nf3 Ngf6 6. Ng3 Be7 7. Bd3 0-0 8. 0-0 c5 9. c3 b6 10. Qe2 Bb7 11. Re1 Re8 12. Bg5 Qc7 13. Rac1 Nd5 14. Qd2 Bxg5 15. Nxg5 N7f6 16. f3 Red8 17. Qc2 h6 18. N5e4 cxd4 19. cxd4 Qf4 20. Qa4 a5 21. a3 Rac8 22. Rxc8 Rxc8 23. Nxf6+ Nxf6 24. Ne4 Bxe4 25. Bxe4 Rc1 26. Rxc1 Qxc1+ 27. Kf2 Qd2+ 28. Kf1 Nxe4 29. fxe4 Qc1+ 30. Ke2 Qxb2+ 31. Kf3 Qc3+ 32. Ke2 g6 33. Qd7 Qb2+ 34. Kf3 Qxa3+ 35. Kf2 Qb2+ 36. Kf3 Qc3+ 37. Ke2 Qc2+ 38. Kf3 Qd3+ 39. Kf4 Kg7 40. Ke5 Qf1 41. Qe7 a4 42. d5 exd5 43. exd5 Qe2+ 44. Kd6 Qxe7+ 45. Kxe7 a3 46. d6 a2 47. d7 a1Q 0-1

[Event "Ruhrgebiet Regionalliga 1516"]
[Site "Germany"]
[Date "2015.10.18"]
[Round "2.8"]
[White "Schaller, Fabian"]
[Black "Goralski, Christian"]
[Result "0-1"]
[WhiteElo "1893"]
[BlackElo "2038"]
[PlyCount "58"]
[EventDate "2015.09.13"]
[EventType "team-tourn"]
[EventRounds "9"]
[EventCountry "GER"]
[SourceTitle "EXT 2022"]
[Source "ChessBase"]
[SourceDate "2021.10.06"]
[SourceVersion "1"]
[SourceVersionDate "2021.10.06"]
[SourceQuality "1"]
[WhiteTeam "Welper SV"]
[BlackTeam "Bochum SV"]
[WhiteTeamCountry "GER"]
[BlackTeamCountry "GER"]

1. d4 d5 2. c4 dxc4 3. Nf3 Nf6 4. Nc3 e6 5. e4 Bb4 6. Qc2 c5 7. a3 Bxc3+ 8. bxc3 Qa5 9. Bd2 b5 10. e5 Nd5 11. Qb2 Nb6 12. dxc5 Na4 13. Qb4 Nc6 14. Qxa5 Nxa5 15. Nd4 Bd7 16. Rb1 a6 17. Be2 Nxc5 18. 0-0 0-0 19. f4 Rad8 20. Be3 Na4 21. Rbc1 Bc6 22. Nxc6 Nxc6 23. Rc2 Ne7 24. g3 Rd7 25. Kf2 Nf5 26. Bc1 Nc5 27. Kf3 Nb3 28. g4 Nfd4+ 29. cxd4 Nxd4+ 0-1